Auditing and investigation/ (Record no. 13404)

MARC details
000 -LEADER
fixed length control field 00535nam a22001937a 4500
001 - CONTROL NUMBER
control field 13404
005 - DATE AND TIME OF LATEST TRANSACTION
control field 20251101102127.0
008 - FIXED-LENGTH DATA ELEMENTS--GENERAL INFORMATION
fixed length control field 251101b |||||||| |||| 00| 0 eng d
020 ## - INTERNATIONAL STANDARD BOOK NUMBER
International Standard Book Number 9789970180409
040 ## - CATALOGING SOURCE
Original cataloging agency BSULIS
082 ## - DEWEY DECIMAL CLASSIFICATION NUMBER
Edition number 22
Classification number 657.45
Item number KYA
100 ## - MAIN ENTRY--PERSONAL NAME
Personal name Kyabarongo, Benon.
9 (RLIN) 26041
245 ## - TITLE STATEMENT
Title Auditing and investigation/
Statement of responsibility, etc Benon Kyabarongo
250 ## - EDITION STATEMENT
Edition statement 1st ed.
260 ## - PUBLICATION, DISTRIBUTION, ETC. (IMPRINT)
Place of publication, distribution, etc Mbarara [Uganda]:
Name of publisher, distributor, etc Bishop Stuart University Press,
Date of publication, distribution, etc 2017.
300 ## - PHYSICAL DESCRIPTION
Extent viii, 118P.:
Other physical details ill;
Dimensions 20 cm.
650 ## - SUBJECT ADDED ENTRY--TOPICAL TERM
Source of heading or term Auditing
942 ## - ADDED ENTRY ELEMENTS (KOHA)
Source of classification or shelving scheme Dewey Decimal Classification
Item type Books
Holdings
Withdrawn status Lost status Source of classification or shelving scheme Damaged status Not for loan Home library Current library Shelving location Date acquired Source of acquisition Inventory number Total Checkouts Full call number Barcode Date last seen Copy number Cost, replacement price Price effective from Koha item type Public note
    Dewey Decimal Classification     Main Library Main Library Reserve Book Section 01/11/2025 Donation 25574   657.45 KYA bsu25110001 01/11/2025 001 20.00 26/09/2012 Books Material available in hard copy

© 2017 Bishop Stuart University Library. All Rights Reserved.
Kakoba Campus, Plot 150 Buremba Road | P.O. Box 9, Mbarara, UGANDA | Tel: +256-772-463068
Email: library@bsu.ac.ug